Statistics for Famous People Named Ralph

Click here to take the quiz!

General Stats

  • This quiz has been taken 99 times
    (55 since last reset)
  • The average score is 7 of 17

Answer Stats

ClueAnswer% Correct
Founder of an American luxury fashion corporationRalph Lauren
86%
Former leader of Cuba whose brother led the country firstRaul Castro
86%
British actor who portrayed Lord VoldemortRalph Fiennes
74%
Former Mayor of New York City who says 9/11 a lotRudy Giuliani
66%
Notable transcendentalist whose middle name is WaldoRalph Waldo Emerson
62%
Youngest and leader of Santa Claus's reindeerRudolph the
Red-Nosed Reindeer
56%
1920s Italian Hollywood actor who was known as "The Latin Lover"Rudolph Valentino
46%
"The Simpsons" character whom Lisa choo-choo-choseRalph Wiggum
44%
He was the Deputy to Hitler until he flew solo to Scotland for asylumRudolf Hess
44%
Consumer advocate and 2000 election spoilerRalph Nader
40%
Famous male ballet dancer who defected to France in 1961Rudolf Nureyev
36%
Puerto Rican actor who starred as Gomez in "The Addams Family"Raul Julia
32%
Invented an engine that uses a specific type of fuel that is commonly used todayRudolf Diesel
24%
Author of "Invisible Man" and "Juneteenth"Ralph Ellison
22%
20th century British actor who starred in "The Fallen Idol" and "The Heiress"Ralph Richardson
8%
English composer of "The Lark Ascending"Ralph Vaughan Williams
8%
Governor of Virginia who was succeeded by Glenn YoungkinRalph Northam
6%

Score Distribution

Percentile by Number Answered

Percent of People with Each Score

Your Score History

You have not taken this quiz since the last reset